| 000 | 01339nam a2200301 i 4500 | ||
|---|---|---|---|
| 003 | EG-ScBUE | ||
| 005 | 20231120130743.0 | ||
| 008 | 090806s2003 ua f 000 0 ara d | ||
| 017 | _a2003 / 11252 | ||
| 020 | _a9770185833 | ||
| 040 |
_aEG-ScBUE _bara _erda _cEG-ScBUE _dEG-ScBUE |
||
| 082 | 0 | 4 |
_a932.02 _bت و ي _222 |
| 100 | 1 |
_917084 _aتوينبي، أرنولد _b1889- _eمؤلف. |
|
| 245 | 1 | 0 |
_aتاريخ الحضارة الهلينية / _cأرنولد توينبي ؛ ترجمة رمزي جرجس ؛ مراجعة الدكتور صقر خفاجة ؛ إعداد د. محمد محمد عناني. |
| 264 | 1 |
_aالقاهرة : _bالهيئة المصرية العامة للكتاب، _c2003. |
|
| 300 |
_a286 صفحة ؛ _c19 سم. |
||
| 336 |
_2rdacontent _aنص _btxt |
||
| 337 |
_aبدون وسيط _2rdamedia _bn |
||
| 338 |
_aمجلد _bnc _2rdacarrier |
||
| 490 | 0 |
_aمكتبة الأسرة. _aسلسلة أمهات الكتب |
|
| 546 | _aالنص باللغة العربية وتم ترجمته من اللغة اليونانية. | ||
| 650 | 7 |
_98374 _aالحضارة الهللينستية. _2BUEsh |
|
| 655 | _vReading book | ||
| 700 | 1 |
_917417 _aخفاجة، صقر، _eمراجع. |
|
| 700 | 1 |
_aجرجس، رمزي، _917416 _eمترجم. |
|
| 700 | 1 |
_aعناني، محمد محمد، _eمعد. |
|
| 942 |
_2ddc _cBB |
||
| 999 |
_c12541 _d12541 |
||